BUBT Library Online Catalog

কালপুরুষ / (Record no. 6633)

000 -LEADER
fixed length control field 00795nam a22002177a 4500
003 - CONTROL NUMBER IDENTIFIER
control field BUBTL
008 - FIXED-LENGTH DATA ELEMENTS--GENERAL INFORMATION
fixed length control field 220113b ||||| |||| 00| 0 eng d
020 ## - INTERNATIONAL STANDARD BOOK NUMBER
International Standard Book Number 8170664810
082 ## - DEWEY DECIMAL CLASSIFICATION NUMBER
Classification number 891.443/ M2891k/ 1985
100 ## - MAIN ENTRY--PERSONAL NAME
9 (RLIN) 2326
Personal name মজুমদার, সমরেশ
245 ## - TITLE STATEMENT
Title কালপুরুষ /
Statement of responsibility, etc. সমরেশ মজুমদার
250 ## - EDITION STATEMENT
Edition statement 1st Edn.
260 ## - PUBLICATION, DISTRIBUTION, ETC. (IMPRINT)
Place of publication, distribution, etc. কলকাতা:
Name of publisher, distributor, etc. আনন্দ,
Date of publication, distribution, etc. c1985.
300 ## - PHYSICAL DESCRIPTION
Extent 431 p.:
Dimensions 22 cm.
505 ## - FORMATTED CONTENTS NOTE
Formatted contents note কালপুরুষ, সমরেশ মজুমদার, বাংলা সাহিত্য, Bengali Literature
650 #0 - SUBJECT ADDED ENTRY--TOPICAL TERM
9 (RLIN) 1687
Topical term or geographic name as entry element বাংলা সাহিত্য
650 #0 - SUBJECT ADDED ENTRY--TOPICAL TERM
9 (RLIN) 2152
Topical term or geographic name as entry element Bengali Literature
856 ## - ELECTRONIC LOCATION AND ACCESS
Password 0
Logon 0
Link text Download
942 ## - ADDED ENTRY ELEMENTS (KOHA)
Source of classification or shelving scheme
Koha item type Books
Holdings
Withdrawn status Lost status Source of classification or shelving scheme Damaged status Not for loan Collection code Permanent location Current location Shelving location Date acquired Source of acquisition Inventory number Total Checkouts Full call number Barcode Checked out Date last seen Date last checked out Copy number Price effective from Koha item type
          Fiction Bangladesh University of Business and Technology Library Bangladesh University of Business and Technology Library Fiction 10/13/2016 Purchase 22431 2 891.443/ M2891k/ 1985 BUBTL-200322431 10/23/2023 10/16/2023 10/16/2023 C-1 01/13/2022 Books
          Fiction Bangladesh University of Business and Technology Library Bangladesh University of Business and Technology Library Fiction 10/13/2016 Purchase 22432 1 891.443/ M2891k/ 1985 BUBTL-200322432   07/04/2024 07/02/2024 C-2 01/13/2022 Books

More Information About Library

Library Hours

  • Open: 9.00 am. to 9.00 pm.
  • Only Sunday: 9.00 am. to 6.00 pm.
  • Closed: Holiday

Contact to the University

Bangladesh University of Business and Technology Library

  • Mirpurl-2, 1216.
  • Phone:
  • Fax:
  • E-Mail: admin.library@bubt.edu.bd

Contact to the Library

Contact Person:

Md. Abdul Hakim Shah
Joint Librarian
PABX No:  113
Cell No: 01816332931
E-mail: official: admin.library@bubt.edu.bd
Personal: hakim.shah@bubt.edu.bd


BUBT Library

Copyright © 2021